000 00608nam a22001937a 4500
005 20260420113334.0
008 260420b |||||||| |||| 00| 0 eng d
020 _a9781337395892
050 _aRM300
_b.C65 2019
100 _aColbert, Bruce J.
245 _aEssentials of pharmacology for health occupations /
260 _aClifton Park, NY :
_bThomson Delmar Learning,
_c2019
300 _a xxxii, 629 p.
_b ill.
_c23CM
500 _a Includes bibliographical references (p. 530) and index.
650 _aPharmacology.
650 _a Pharmacology
700 _aColbert, Bruce J
942 _2lcc
_cBK
999 _c60379
_d60379